[Event "Eschborn op"]
[Site "Eschborn"]
[Date "2019.08.16"]
[Round "1.35"]
[White "Gutacker, Stephan"]
[Black "Winter, Thomas"]
[Result "1-0"]
[WhiteElo "1809"]
[BlackElo "1291"]
[PlyCount "63"]
[EventDate "2019.08.16"]
[EventType "swiss"]
[EventRounds "5"]
[EventCountry "GER"]
[SourceTitle "EXT 2024"]
[Source "ChessBase"]
[SourceDate "2023.10.10"]
[SourceVersion "1"]
[SourceVersionDate "2023.10.10"]
[SourceQuality "1"]

1. e4 e5 2. Nf3 Nf6 3. Nxe5 d6 4. Nf3 Nxe4 5. d3 Nf6 6. d4 Be7 7. Bd3 0-0 8. 0-0 Nc6 9. c3 Bg4 10. h3 Bh5 11. Bg5 Re8 12. Nbd2 d5 13. Qc2 Bg6 14. Bxg6 fxg6 15. Rfe1 Qd6 16. Ne5 Nd8 17. Bf4 Ne6 18. Bh2 Qb6 19. Re2 Bd6 20. Rae1 Rad8 21. f4 Nf8 22. f5 Bxe5 23. Bxe5 Qc6 24. Qd3 N6d7 25. Bxg7 Rxe2 26. Qxe2 Qd6 27. Be5 Nxe5 28. dxe5 Qb6+ 29. Kh1 Qxb2 30. e6 Re8 31. e7 Nd7 32. Qe6+ 1-0

[Event "Rhein Main op-B 22nd"]
[Site "Bad Homburg"]
[Date "2019.06.20"]
[Round "2"]
[White "Winter, Thomas"]
[Black "Rempe, Lennik"]
[Result "0-1"]
[WhiteElo "1473"]
[BlackElo "1091"]
[PlyCount "48"]
[EventDate "2019.06.19"]
[EventType "swiss"]
[EventRounds "7"]
[EventCountry "GER"]
[SourceTitle "EXT 2020"]
[Source "ChessBase"]
[SourceDate "2019.10.17"]
[SourceVersion "1"]
[SourceVersionDate "2019.10.17"]
[SourceQuality "1"]

1. e4 e5 2. Nf3 Nc6 3. Bb5 a6 4. Ba4 Nf6 5. Qe2 b5 6. Bb3 Be7 7. c3 0-0 8. 0-0 d6 9. h3 Bb7 10. Bc2 Nb8 11. Rd1 d5 12. exd5 Bxd5 13. Nxe5 Nc6 14. d4 Re8 15. b3 Bd6 16. f4 Nd7 17. c4 Nxd4 18. Bxh7+ Kxh7 19. Qd3+ Kg8 20. Qxd4 Bb7 21. Bb2 Qh4 22. Nxd7 Qg3 23. Qd2 Bxf4 24. Qc2 Re1+ 0-1

[Event "Frankfurt-chB"]
[Site "Frankfurt"]
[Date "2018.06.18"]
[Round "7"]
[White "Landvoigt, Martin"]
[Black "Winter, Thomas"]
[Result "1-0"]
[WhiteElo "1218"]
[BlackElo "1345"]
[PlyCount "93"]
[EventDate "2018.04.30"]
[EventType "swiss"]
[EventRounds "7"]
[EventCountry "GER"]
[SourceTitle "EXT 2019"]
[Source "ChessBase"]
[SourceDate "2018.10.10"]
[SourceVersion "1"]
[SourceVersionDate "2018.10.10"]
[SourceQuality "1"]

1. f4 d6 2. Nf3 Nf6 3. e3 g6 4. c4 Bg7 5. Nc3 0-0 6. Be2 c6 7. 0-0 Qc7 8. d4 Nbd7 9. Rb1 a5 10. a4 b6 11. d5 Bb7 12. Nd4 Rfe8 13. Bf3 cxd5 14. Nxd5 Nxd5 15. cxd5 Nc5 16. Nb5 Qc8 17. b3 Qf5 18. Bb2 Rac8 19. Bxg7 Kxg7 20. Qd4+ Qf6 21. Na7 Rcd8 22. Nc6 Rc8 23. Rfd1 e5 24. fxe5 dxe5 25. Qc4 Bxc6 26. dxc6 e4 27. Bg4 Rxc6 28. Rf1 Qe7 29. Rbd1 f5 30. Be2 Qc7 31. Qd4+ Kh6 32. Bc4 Qe5 33. Bb5 Rcc8 34. Bxe8 Rxe8 35. Rb1 Qe6 36. Qc3 Rc8 37. Qe1 Nxb3 38. Qh4+ Kg7 39. Rfd1 Nc5 40. Rd4 Qe8 41. Rbd1 Nd3 42. h3 h6 43. Qg3 Nc1 44. Rd7+ Kg8 45. Qd6 Nd3 46. Re7 Qf8 47. Qxg6+ 1-0

[Event "Frankfurt-chB"]
[Site "Frankfurt"]
[Date "2018.06.11"]
[Round "6"]
[White "Barth, Horst"]
[Black "Winter, Thomas"]
[Result "0-1"]
[WhiteElo "1168"]
[BlackElo "1345"]
[PlyCount "60"]
[EventDate "2018.04.30"]
[EventType "swiss"]
[EventRounds "7"]
[EventCountry "GER"]
[SourceTitle "EXT 2019"]
[Source "ChessBase"]
[SourceDate "2018.10.10"]
[SourceVersion "1"]
[SourceVersionDate "2018.10.10"]
[SourceQuality "1"]

1. e4 d6 2. d4 Nf6 3. Nf3 Nxe4 4. Bd3 Nf6 5. 0-0 g6 6. c4 Bg7 7. Be3 0-0 8. Nbd2 Re8 9. Bc2 Nbd7 10. Bf4 b6 11. Re1 Bb7 12. Ba4 Nh5 13. Bg5 h6 14. Be3 c6 15. Rc1 e5 16. Ne4 Qc7 17. Qd2 f5 18. Bxh6 fxe4 19. Rxe4 Nhf6 20. Rh4 Nf8 21. Bc2 Re7 22. Bxg7 Rxg7 23. Qg5 Qf7 24. Bb3 Ne6 25. Qe3 exd4 26. Nxd4 Nxd4 27. Qxd4 Qe7 28. Kf1 c5 29. Re1 Qxe1+ 30. Kxe1 cxd4 0-1

[Event "Rhein Main op-B 20th"]
[Site "Bad Homburg"]
[Date "2017.06.15"]
[Round "2"]
[White "Ottway, Ann Kristin"]
[Black "Winter, Thomas"]
[Result "1-0"]
[WhiteElo "974"]
[BlackElo "1545"]
[PlyCount "109"]
[EventDate "2017.06.14"]
[EventType "swiss"]
[EventRounds "7"]
[EventCountry "GER"]
[SourceTitle "EXT 2018"]
[Source "ChessBase"]
[SourceDate "2017.10.13"]
[SourceVersion "1"]
[SourceVersionDate "2017.10.13"]
[SourceQuality "1"]

1. e4 d6 2. d4 Nf6 3. Nc3 e5 4. dxe5 dxe5 5. Qxd8+ Kxd8 6. Bc4 Bd6 7. Bxf7 Nbd7 8. Nf3 h6 9. Be3 Rf8 10. Bc4 Bb4 11. Nd2 Bxc3 12. bxc3 Ng4 13. 0-0 Nxe3 14. fxe3 Rf6 15. Bb3 Ke7 16. Rf3 Nc5 17. Raf1 Be6 18. h3 Rd8 19. R1f2 a5 20. Bxe6 Kxe6 21. a3 b5 22. Kh2 Rdf8 23. Kg1 a4 24. Kh1 Nd7 25. Kh2 Ke7 26. Rf5 c5 27. g4 g5 28. Kg3 c4 29. h4 gxh4+ 30. Kxh4 R8f7 31. Kh5 Rxf5+ 32. Rxf5 Nf6+ 33. Kh4 Ke6 34. Rf2 Rg7 35. Rg2 Rg5 36. Rg3 Rg7 37. Kh3 Rd7 38. Rg2 h5 39. g5 Ng4 40. Re2 Kf7 41. Kh4 Kg6 42. Nf1 Rf7 43. Ng3 Rf2 44. Rxf2 Nxf2 45. Nf5 Nxe4 46. Ne7+ Kf7 47. Nc6 Ke6 48. Kxh5 Kf5 49. g6 Nf6+ 50. Kh6 Ng8+ 51. Kg7 Nf6 52. Kf7 e4 53. g7 Kg5 54. Nd4 Kh6 55. Kxf6 1-0

[Event "Frankfurt-chB"]
[Site "Frankfurt"]
[Date "2017.05.15"]
[Round "4"]
[White "Wundram, Til"]
[Black "Winter, Thomas"]
[Result "0-1"]
[WhiteElo "917"]
[BlackElo "1303"]
[PlyCount "82"]
[EventDate "2017.04.24"]
[EventType "swiss"]
[EventRounds "7"]
[EventCountry "GER"]
[SourceTitle "EXT 2018"]
[Source "ChessBase"]
[SourceDate "2017.10.13"]
[SourceVersion "1"]
[SourceVersionDate "2017.10.13"]
[SourceQuality "1"]

1. e4 d6 2. d4 Nf6 3. Nd2 g6 4. Ngf3 Bg7 5. Bd3 0-0 6. 0-0 Nbd7 7. b3 e5 8. Bb2 Re8 9. Qe2 c6 10. Rac1 Qc7 11. c4 b6 12. Nh4 Bb7 13. f4 exd4 14. Bxd4 c5 15. Ba1 Bc6 16. Rf3 Qb7 17. Re3 Bh6 18. g3 Re7 19. Ng2 a6 20. Re1 b5 21. Qf2 Ng4 22. Qf1 Nxe3 23. Nxe3 Bg7 24. Nd5 Bxd5 25. cxd5 Bxa1 26. Rxa1 Nf6 27. h3 Rc8 28. Re1 Qb6 29. Kg2 Qa5 30. Qe2 Nxd5 31. a4 Nc3 32. Qf1 Nxa4 33. bxa4 Qxd2+ 34. Qe2 Qxe2+ 35. Rxe2 c4 36. Bc2 b4 37. e5 dxe5 38. Rxe5 Rxe5 39. fxe5 b3 40. Bb1 c3 41. Kf2 c2 0-1

[Event "Rhein Main op-B 19th"]
[Site "Bad Homburg"]
[Date "2016.05.27"]
[Round "4"]
[White "Pleyer, Christian"]
[Black "Winter, Thomas"]
[Result "1-0"]
[WhiteElo "1727"]
[BlackElo "1341"]
[PlyCount "51"]
[EventDate "2016.05.25"]
[EventType "swiss"]
[EventRounds "7"]
[EventCountry "GER"]
[SourceTitle "EXT 2017"]
[Source "ChessBase"]
[SourceDate "2016.10.25"]
[SourceVersion "1"]
[SourceVersionDate "2016.10.25"]
[SourceQuality "1"]

1. d4 d6 2. Nf3 Nf6 3. c4 g6 4. Nc3 Nbd7 5. Bg5 Bg7 6. Qd2 0-0 7. Bh6 Re8 8. Bxg7 Kxg7 9. e3 e5 10. dxe5 Nxe5 11. Be2 Nxf3+ 12. Bxf3 Rb8 13. 0-0 Bg4 14. Bxg4 Nxg4 15. Qd4+ Nf6 16. Qxa7 c6 17. Qd4 Kg8 18. Rad1 Re6 19. Rfe1 Qc7 20. e4 Rd8 21. h3 Ne8 22. f4 Ng7 23. Re2 Ree8 24. Red2 Ne6 25. Qe3 Nc5 26. e5 1-0

[Event "Frankfurt-chB"]
[Site "Frankfurt"]
[Date "2014.05.05"]
[Round "2"]
[White "Urbach, Jens"]
[Black "Winter, Thomas"]
[Result "1-0"]
[WhiteElo "1373"]
[BlackElo "1166"]
[PlyCount "101"]
[EventDate "2014.04.28"]
[EventType "swiss"]
[EventRounds "7"]
[EventCountry "GER"]
[SourceTitle "EXT 2015"]
[Source "ChessBase"]
[SourceDate "2014.11.20"]
[SourceVersion "1"]
[SourceVersionDate "2014.11.20"]
[SourceQuality "1"]

1. e4 e5 2. Nf3 Nf6 3. Nxe5 d6 4. Nxf7 Kxf7 5. d4 d5 6. e5 Nfd7 7. Qf3+ Ke6 8. Nc3 Nb6 9. Bd3 Bb4 10. Bf5+ Kf7 11. Bxc8+ Ke8 12. Bxb7 Rf8 13. Qh5+ Rf7 14. Bxa8 Nxa8 15. 0-0 g6 16. Qg4 Nb6 17. e6 Rf5 18. Re1 Qf6 19. Be3 Nc6 20. a3 Bd6 21. g3 h5 22. Qh4 Qg7 23. Nb5 Bf8 24. c3 a6 25. Nxc7+ Qxc7 26. Bf4 Qg7 27. a4 Ne7 28. b3 Ng8 29. a5 Nc8 30. Be5 Qb7 31. g4 Be7 32. Qh3 hxg4 33. Qh7 Rf8 34. Qxg6+ Kd8 35. b4 Bh4 36. Rf1 Qe7 37. Qxg4 Nh6 38. Qh3 Rg8+ 39. Kh1 Ng4 40. Bg3 Qg7 41. Bxh4+ Ne7 42. Bxe7+ Kxe7 43. Qh4+ Kxe6 44. Rae1+ Kd6 45. Qg3+ Kd7 46. Rg1 Qh6 47. Rg2 Qd2 48. Reg1 Qe2 49. Qh3 Kc6 50. Rxg4 Rf8 51. Qh6+ 1-0